| 000 | 00462nam a22001337a 4500 | ||
|---|---|---|---|
| 082 |
_a624.2 _bSEI _cD |
||
| 110 |
_aUS Department of Transportation. _936995 |
||
| 245 |
_aSeismic retrofit measures for highway bridges / _cUS Department of Trasnportation. |
||
| 260 |
_aUSA : _bU.S Department of Transportation Federal Highway Administration, _c1979. |
||
| 300 | _avi, 66 p. : | ||
| 526 |
_a0 _b0 _c0 _d624_200000000000000_SEI |
||
| 650 |
_aMCE _9379 |
||
| 942 |
_2ddc _cBK |
||
| 999 |
_c547337 _d547337 |
||